<?xml version="1.0" encoding="UTF-8"?>
<record
    xmlns:xsi="http://www.w3.org/2001/XMLSchema-instance"
    xsi:schemaLocation="http://www.loc.gov/MARC21/slim http://www.loc.gov/standards/marcxml/schema/MARC21slim.xsd"
    xmlns="http://www.loc.gov/MARC21/slim">

  <leader>01801nam a2200253 a 4500</leader>
  <controlfield tag="001">000085298</controlfield>
  <controlfield tag="005">20200120224916.0</controlfield>
  <controlfield tag="008">180703s2008    ck o   g||   |000|||spa d</controlfield>
  <datafield tag="020" ind1=" " ind2=" ">
    <subfield code="a">9789588306254</subfield>
  </datafield>
  <datafield tag="041" ind1=" " ind2=" ">
    <subfield code="a">spa</subfield>
    <subfield code="h">eng</subfield>
  </datafield>
  <datafield tag="043" ind1=" " ind2=" ">
    <subfield code="a">s-ck---</subfield>
  </datafield>
  <datafield tag="082" ind1="0" ind2="4">
    <subfield code="a">641.5945</subfield>
    <subfield code="b">V45c</subfield>
    <subfield code="2">21</subfield>
  </datafield>
  <datafield tag="100" ind1="1" ind2=" ">
    <subfield code="a">Villegas, Mar&#xED;a</subfield>
  </datafield>
  <datafield tag="245" ind1="1" ind2="0">
    <subfield code="a">La comida de Italia :</subfield>
    <subfield code="b">un viaje para los amantes de la cocina /</subfield>
    <subfield code="c">Mar&#xED;a Villegas y Sophie Braimbridge.</subfield>
  </datafield>
  <datafield tag="250" ind1=" " ind2=" ">
    <subfield code="a">1a. ed.</subfield>
  </datafield>
  <datafield tag="260" ind1=" " ind2=" ">
    <subfield code="a">Bogot&#xE1; :</subfield>
    <subfield code="b">Villegas editores,</subfield>
    <subfield code="c">2008.</subfield>
  </datafield>
  <datafield tag="300" ind1=" " ind2=" ">
    <subfield code="a">296 p&#xE1;ginas :</subfield>
    <subfield code="b">ilustraciones en color, fotos.</subfield>
  </datafield>
  <datafield tag="504" ind1=" " ind2=" ">
    <subfield code="a">Bibliograf&#xED;a: p&#xE1;gina 295</subfield>
  </datafield>
  <datafield tag="520" ind1=" " ind2=" ">
    <subfield code="a">"Siguiendo la ruta gastron&#xF3;mica que comenz&#xF3; con Comida de Francia (Villegas Editores 2007), llega ahora Comida de Italia, un exquisito viaje por las cocinas de todas las regiones de este pa&#xED;s, sus fabricas de queso, sus famosos vi&#xF1;edos y toda la gama de delicias que all&#xED; se produce. En definitiva, se trata de un recorrido que le permitir&#xE1; al lector conocer y experimentar el verdadero sabor, aroma y gusto de un pa&#xED;s que ama y vive su comida con enorme pasi&#xF3;n. Cada receta aqu&#xED; consignada fue fotografiada durante su proceso de preparaci&#xF3;n, constituy&#xE9;ndose en una gu&#xED;a visual completa y pr&#xE1;ctica de los procedimientos usados. Los platos vienen acompa&#xF1;ados tambi&#xE9;n de &#xFA;tiles consejos sobre m&#xE9;todos e ingredientes. Este libro es una forma de acercarse a la cultura italiana y de degustar el pa&#xED;s en toda su dimensi&#xF3;n: desde las verduras frescas que se encuentran en las plazas y mercados, hasta los frutos del mar Mediterr&#xE1;neo, los quesos regionales, los panes, los postres, los vinos y las dem&#xE1;s bebidas t&#xED;picas."</subfield>
  </datafield>
  <datafield tag="650" ind1="1" ind2="4">
    <subfield code="a">Cocina italiana</subfield>
  </datafield>
  <datafield tag="650" ind1="2" ind2="4">
    <subfield code="a">Recetarios</subfield>
  </datafield>
  <datafield tag="700" ind1="1" ind2=" ">
    <subfield code="a">Braimbridge, Sophie</subfield>
  </datafield>
  <datafield tag="700" ind1="1" ind2=" ">
    <subfield code="a">Jones, Chris L.,</subfield>
    <subfield code="e">fot&#xF3;grafo</subfield>
  </datafield>
  <datafield tag="999" ind1=" " ind2=" ">
    <subfield code="c">11683</subfield>
    <subfield code="d">11683</subfield>
  </datafield>
  <datafield tag="952" ind1=" " ind2=" ">
    <subfield code="0">0</subfield>
    <subfield code="1">0</subfield>
    <subfield code="2">ddc</subfield>
    <subfield code="4">0</subfield>
    <subfield code="7">0</subfield>
    <subfield code="8">GEN</subfield>
    <subfield code="a">BPMOS</subfield>
    <subfield code="b">BPMOS</subfield>
    <subfield code="d">2020-01-20</subfield>
    <subfield code="i">NT</subfield>
    <subfield code="l">5</subfield>
    <subfield code="m">2</subfield>
    <subfield code="o">641.5945 V45c</subfield>
    <subfield code="p">MOS019461</subfield>
    <subfield code="q">2024-09-13</subfield>
    <subfield code="r">2024-08-15</subfield>
    <subfield code="s">2024-08-15</subfield>
    <subfield code="t">ej.1</subfield>
    <subfield code="w">2020-01-20</subfield>
    <subfield code="y">BK</subfield>
    <subfield code="z">Ocho d&#xED;as</subfield>
  </datafield>
</record>
